| 000 | 00822nam a22002657a 4500 | ||
|---|---|---|---|
| 003 | OSt | ||
| 005 | 20260601171015.0 | ||
| 008 | 260507b1985\\\\sp||||||\||||\00|\0\spa\d | ||
| 020 | _a9788487756276 | ||
| 040 |
_aICI _bspa _cICI _erda |
||
| 041 | _aspa | ||
| 100 |
_aPowell, Dick. _933847 |
||
| 245 | 1 |
_aTécnicas de presentación / _cDick Powell. |
|
| 260 |
_aEspaña : _b[s.n.], _c1985. |
||
| 300 |
_a1 volumen : _bilustraciones ; _c24 cm. |
||
| 504 | _aIncluye referencias bibliográficas. | ||
| 650 |
_aPresentaciones orales. _933848 |
||
| 650 |
_aComunicación en los negocios. _933849 |
||
| 650 |
_aTécnicas de exposición. _933850 |
||
| 650 | _aComunicación audiovisual. | ||
| 650 |
_aExpresión oral. _933852 |
||
| 650 |
_aMateriales audiovisuales. _933853 |
||
| 650 |
_aOratoria. _933854 |
||
| 942 |
_2lcc _cB _n1 |
||
| 999 |
_c20670 _d20670 |
||